000 01188nam0a22002771 4500
001 rc\4757805
005 20250613074244.0
021 _aRU
_b[58-47207]
035 _a(NLR Aleph) 009014876
090 _a9391201
_c9391201
100 _a20130417d1958 |||y0rusy50 ca
101 0 _arus
102 _aRU
105 _aa z |||||
200 1 _aМолодежные звенья возделывают кукурузу
_e[Колхоз "Красный восток", Сергач. района]
_f[Отд. с.-х. науки и пропаганды Горьк. обл. упр. сельского хозяйства]
210 _aГорький
_cКн. изд-во
_d1958
215 _a28 с.
_cил.
_d14
225 1 _a[Из опыта растениеводов]
300 _aПеред загл. авт.: Н.Г. [!] Лысихин
606 _aКукуруза
_xВозделывание
_xУчастие комсомольцев и молодежи
_yГорьковская область
_2psbo
700 1 _aЛысихин
_bГ.Н.
_gГеоргий Николаевич
801 0 _aRU
_bNLR
_gpsbo
801 1 _aRU
_bELAR
_2rusmarc
852 _aNLR
_j58-1/1068
942 _cBOOK
980 _aNB